000 00692nam a22001457a 4500
999 _c60820
_d60820
005 20231025120209.0
008 231025s1972 ru ||||| |||| 00| 0 rus d
041 _arus
080 _a902/904 H-73
245 _a Новое в археологии :
_bсборник статей, посвященных 70-летию Артемия Владимировича Арциховского /
_c ред. В. Л. Янин ; дар. О. Н. Бадер.
264 _aМосква :
_b Издательство Московского университета,
_c1972.
300 _a 328 с. :
_bил., портр.;
_c27 cm.
653 _aარქეოლოგია
942 _2udc
_cᲬᲘᲒᲜᲘ